Programa L y C: leer y comprender, guía metodológica para el profesor
Guardat en:
| Autors principals: | , , |
|---|---|
| Altres autors: | , |
| Format: | Llibre |
| Idioma: | espanyol |
| Publicat: |
Santiago
Andrés Bello
1996
|
| Edició: | 2a. ed |
| Col·lecció: | Libro 2
|
| Matèries: | |
| Etiquetes: |
Afegir etiqueta
Sense etiquetes, Sigues el primer a etiquetar aquest registre!
|
MARC
| LEADER | 00000nam a2200000 a 4500 | ||
|---|---|---|---|
| 001 | UCM3404 | ||
| 003 | CL-VaPUC | ||
| 008 | 020705e19960000CL |||||||||||||||||spa|d | ||
| 082 | 0 | 4 | |a 372.41 |b PER |2 21 |
| 100 | |a Peronard Thierry, Marianne |e autora |9 781268 | ||
| 700 | |a Gómez Macker, Luis Adolfo |e autor |9 492261 | ||
| 700 | |a Parodi Sweis, Giovanni Emmanuel |e autor |9 783477 | ||
| 700 | 0 | |a Núñez Lagos, Paulina |e author |9 470190 | |
| 700 | |a González Muñoz, Juan Manuel |e author |9 749563 | ||
| 245 | 1 | 0 | |a Programa L y C: leer y comprender, guía metodológica para el profesor |
| 250 | |a 2a. ed | ||
| 300 | |a 25 p | ||
| 942 | |c BK | ||
| 945 | |d 20020705 00:00:00 |a cmena | ||
| 260 | |a Santiago |b Andrés Bello |c 1996 | ||
| 500 | |a Complementario del texto: Programa L y C: Leer y Comprender | ||
| 650 | 0 | |a Enseñanza de la lectura |9 308364 | |
| 650 | 0 | |a Enseñanza de la escritura |9 307377 | |
| 650 | 0 | |a Comprensión de lectura |9 307588 | |
| 650 | 7 | |a LECTURA - METODOS DE ENSEÑANZA |2 CL-VaPUC |9 466822 | |
| 583 | |a last modification |c 20020705 00:00:00 |k Rodrigo Vera | ||
| 490 | 0 | |a Libro 2 | |
| 999 | |c 300772 |d 300770 | ||
| 952 | |0 0 |1 0 |4 0 |6 372_410000000000000_PER_1996 |7 0 |8 A |9 359033 |a BIBEDU |b BIBEDU |d 2019-11-21 |i 3456986 |o 372.41 PER 1996 |p 3456986 |r 2019-11-21 |w 2019-11-21 |y BK |k LIT | ||
| 952 | |0 0 |1 0 |4 0 |6 372_410000000000000_PER_1996 |7 0 |8 A |9 359034 |a BIBEDU |b BIBEDU |d 2019-11-21 |i 3456978 |o 372.41 PER 1996 |p 3456978 |r 2019-11-21 |w 2019-11-21 |y BK |k LIT | ||
| 952 | |0 0 |1 0 |4 0 |6 372_410000000000000_PER_1996 |7 0 |8 A |9 359035 |a BIBEDU |b BIBEDU |d 2019-11-21 |i 345696K |o 372.41 PER 1996 |p 345696K |r 2019-11-21 |w 2019-11-21 |y BK |k LIT | ||
| 952 | |0 0 |1 0 |4 0 |6 372_410000000000000_PER_1996 |7 0 |8 A |9 359036 |a BIBEDU |b BIBEDU |d 2019-11-21 |i 3456307 |o 372.41 PER 1996 |p 3456307 |r 2019-11-21 |w 2019-11-21 |y BK |k LIT | ||
| 952 | |0 0 |1 0 |4 0 |6 372_410000000000000_PER_1996 |7 0 |8 A |9 359037 |a BIBEDU |b BIBEDU |d 2019-11-21 |i 3456315 |o 372.41 PER 1996 |p 3456315 |r 2019-11-21 |w 2019-11-21 |y BK |k LIT | ||
| 952 | |0 0 |1 0 |4 0 |6 372_410000000000000_PER_1996 |7 0 |8 A |9 359039 |a FDOPOS |b FDOPOS |d 2019-11-21 |i 4143124 |o 372.41 PER 1996 |p 4143124 |r 2025-01-22 |w 2019-11-21 |y BK |k MLA | ||